[Event "WY U-16 Chess Olympiad 2019"]
[Site "Corum"]
[Date "2019.11.05"]
[Round "9"]
[White "Xi, Qi"]
[Black "Ahmadzada, Ahmad"]
[Result "1/2-1/2"]
[WhiteElo "2241"]
[BlackElo "2406"]
[Annotator "TA"]
[PlyCount "143"]
[EventDate "2019.10.28"]
[EventType "team-tourn"]
[EventCountry "TUR"]
[SourceTitle "playchess.com"]
[Source "ChessBase"]
[SourceQuality "1"]

1. d4 Nf6 2. c4 c5 3. d5 e6 4. Nc3 exd5 5. cxd5 d6 6. Nf3 g6 7. Bf4 Bg7 8. Qa4+ Bd7 9. Qb3 Qc7 10. e4 O-O 11. Nd2 Nh5 12. Be3 f5 13. exf5 Bxf5 14. Be2 Nf6 15. h3 Na6 16. a3 Rab8 17. Nb5 Qd7 18. O-O Nc7 19. Nxc7 Qxc7 20. a4 Rbe8 21. Rfe1 Ne4 22. Bb5 Bd7 23. Bxd7 Qxd7 24. Nc4 Qf5 25. Qd3 h5 26. Rad1 Qf6 27. Qc2 Kh7 28. Re2 Qf5 29. Qd3 b6 30. Rc2 Qf6 31. Re1 Qf5 32. Qd1 Re7 33. Qd3 Rfe8 34. Rd1 Qf6 35. Re2 Qf5 36. Rc2 Qf6 37. Qb3 Ng5 38. Rcc1 Nf7 39. a5 bxa5 40. Ra1 Nh6 41. Rxa5 Nf5 42. Ra6 Qh4 43. Qd3 Bh6 44. Rf1 Bxe3 45. fxe3 Nxe3 46. Nxe3 Rxe3 47. Rxa7+ Kh6 48. Qd2 Qd4 49. Rd1 Qxd2 50. Rxd2 h4 51. Ra6 Re1+ 52. Kh2 Rf8 53. g3 hxg3+ 54. Kxg3 Rf6 55. Kg2 Re5 56. Rb6 Kg5 57. b4 cxb4 58. Rxb4 Re3 59. Rb6 Re4 60. Rf2 Rxf2+ 61. Kxf2 Rf4+ 62. Ke3 Rf6 63. Rb4 Rf5 64. Rg4+ Kf6 65. Rd4 Ke5 66. Rg4 Rh5 67. Rxg6 Rxh3+ 68. Kd2 Kxd5 69. Rg5+ Kc4 70. Rg4+ Kc5 71. Rg8 d5 72. Rg4 1/2-1/2

[Event "WY U-16 Chess Olympiad 2019"]
[Site "Corum"]
[Date "2019.11.05"]
[Round "9"]
[White "Siniauski, Artsiom"]
[Black "Gevorgyan, Albert"]
[Result "1-0"]
[WhiteElo "2233"]
[BlackElo "2231"]
[Annotator "TA"]
[PlyCount "67"]
[EventDate "2019.10.28"]
[EventType "team-tourn"]
[EventCountry "TUR"]
[SourceTitle "playchess.com"]
[Source "ChessBase"]
[SourceQuality "1"]

1. e4 e5 2. Nf3 Nc6 3. Bb5 a6 4. Ba4 Nf6 5. O-O Nxe4 6. d4 b5 7. Bb3 d5 8. dxe5 Be6 9. Nbd2 Be7 10. c3 O-O 11. Qe2 Nc5 12. Nd4 Nxb3 13. N2xb3 Qd7 14. f4 Nxd4 15. cxd4 a5 16. Be3 a4 17. Nd2 Rac8 18. Rac1 g6 19. Qf2 Rfd8 20. Nf3 b4 21. Rfd1 Qb5 22. h3 Bf5 23. g4 Be4 24. Ng5 Bxg5 25. fxg5 Qa6 26. Rc5 b3 27. a3 Rd7 28. Qd2 Ra8 29. Rf1 Re7 30. Rf6 Qc8 31. Qf2 Ra6 32. Bd2 Ra7 33. Bb4 Rb7 34. Rcc6 1-0

[Event "WY U-16 Chess Olympiad 2019"]
[Site "Corum"]
[Date "2019.11.05"]
[Round "9"]
[White "Stremavicius, Pijus"]
[Black "Shirliyev, Allayar"]
[Result "1/2-1/2"]
[WhiteElo "2230"]
[BlackElo "2149"]
[Annotator "TA"]
[PlyCount "115"]
[EventDate "2019.10.28"]
[EventType "team-tourn"]
[EventCountry "TUR"]
[SourceTitle "playchess.com"]
[Source "ChessBase"]
[SourceQuality "1"]

1. d4 Nf6 2. Nf3 g6 3. Nbd2 Bg7 4. e4 d5 5. e5 Nh5 6. h3 O-O 7. Nb3 Bh8 8. Be2 Ng7 9. O-O Nf5 10. c4 c6 11. Bf4 Nd7 12. cxd5 cxd5 13. Rc1 e6 14. Qd2 a5 15. g4 Ne7 16. g5 a4 17. Nc5 Nxc5 18. Rxc5 b6 19. Rc2 Ba6 20. Bxa6 Rxa6 21. Rfc1 Ra7 22. h4 Bg7 23. h5 gxh5 24. Kg2 Ng6 25. Be3 Qe7 26. Qe2 Bh8 27. Rh1 Rc7 28. Rxc7 Qxc7 29. Nh4 Nxh4+ 30. Rxh4 Bg7 31. Rh1 Rc8 32. Qf3 Qc4 33. Qxh5 Qd3 34. Rd1 Qe4+ 35. Qf3 Qg6 36. Kg3 Bf8 37. Qf6 Qh5 38. Qf3 Qxf3+ 39. Kxf3 Rc2 40. Rd2 Rc1 41. Re2 Rc4 42. Re1 Kg7 43. Rc1 Kg6 44. Rxc4 dxc4 45. Ke4 b5 46. Bc1 h6 47. gxh6 Bxh6 48. Bxh6 Kxh6 49. Ke3 b4 50. Kd2 Kg5 51. a3 bxa3 52. bxa3 Kf4 53. Kc3 Kf3 54. Kxc4 Kxf2 55. Kb4 Ke3 56. Kc3 Ke4 57. Kc4 Ke3 58. Kc3 1/2-1/2

[Event "WY U-16 Chess Olympiad 2019"]
[Site "Corum"]
[Date "2019.11.05"]
[Round "9"]
[White "Tsaruk, Maksim"]
[Black "Barseghyan, Armen Ar."]
[Result "1/2-1/2"]
[WhiteElo "2230"]
[BlackElo "2381"]
[Annotator "TA"]
[PlyCount "153"]
[EventDate "2019.10.28"]
[EventType "team-tourn"]
[EventCountry "TUR"]
[SourceTitle "playchess.com"]
[Source "ChessBase"]
[SourceQuality "1"]

1. e4 c5 2. c3 d5 3. exd5 Qxd5 4. d4 Nf6 5. Nf3 Nc6 6. Na3 e6 7. Nb5 Qd8 8. dxc5 Bxc5 9. Qxd8+ Kxd8 10. b4 Bb6 11. Nd6 Ke7 12. Nc4 Ne4 13. Nxb6 axb6 14. Bb2 Rd8 15. a3 f6 16. Be2 e5 17. Rc1 Be6 18. c4 g5 19. h3 h5 20. Bd1 Kf7 21. Bc2 Nd6 22. Nd2 Nxc4 23. Nxc4 Bxc4 24. Bd1 b5 25. Bxh5+ Ke6 26. h4 gxh4 27. Rxh4 Nd4 28. Bg4+ Kf7 29. Rh7+ Kg6 30. Rxb7 f5 31. Rb6+ Kg5 32. Bd1 Rh8 33. Rd6 Rh2 34. g3 f4 35. gxf4+ Kxf4 36. Rc3 Rg8 37. Bc1+ Kf5 38. Be3 Rg1+ 39. Kd2 Rhh1 40. Rc1 Nb3+ 41. Bxb3 Rxc1 42. Bc2+ e4 43. Rd4 Bd3 44. Bxd3 Rcd1+ 45. Kc3 Rxd3+ 46. Rxd3 exd3 47. Kxd3 Ke5 48. Kc2 Kd5 49. Kb3 Ra1 50. Kb2 Rd1 51. Kc2 Rh1 52. Kb3 Rh8 53. Bc5 Ra8 54. Be3 Ke4 55. Bb6 Kd3 56. Be3 Ra6 57. Bc5 Ke4 58. Be7 Ra7 59. Bc5 Ra8 60. Bb6 Kd3 61. Bc5 Ra4 62. Bb6 Ra6 63. Bc5 Ke2 64. f4 Kd3 65. f5 Ke4 66. a4 bxa4+ 67. Ka3 Kxf5 68. b5 Ra5 69. Kb4 Ra8 70. b6 Ke6 71. Kb5 a3 72. b7 Rb8 73. Kc6 a2 74. Bd4 Rd8 75. Ba1 Rd1 76. b8=Q Rc1+ 77. Kb7 1/2-1/2

[Event "WY U-16 Chess Olympiad 2019"]
[Site "Corum"]
[Date "2019.11.05"]
[Round "9"]
[White "Ajay Karthikeyan"]
[Black "Tadic, Stefan"]
[Result "1/2-1/2"]
[WhiteElo "2214"]
[BlackElo "2295"]
[Annotator "TA"]
[PlyCount "65"]
[EventDate "2019.10.28"]
[EventType "team-tourn"]
[EventCountry "TUR"]
[SourceTitle "playchess.com"]
[Source "ChessBase"]
[SourceQuality "1"]

1. e4 Nf6 2. e5 Nd5 3. d4 d6 4. Nf3 dxe5 5. Nxe5 c6 6. Bd3 Nd7 7. Nxd7 Bxd7 8. O-O g6 9. c4 Nf6 10. h3 Bg7 11. Nc3 O-O 12. Be3 Qc7 13. Re1 Rfe8 14. Qd2 Rad8 15. Bf4 Qc8 16. Be5 Bf5 17. Bf1 h5 18. Rad1 Kh7 19. Qe3 Bh6 20. Bf4 Bg7 21. Qg3 Ng8 22. Be5 f6 23. Bf4 Nh6 24. d5 g5 25. Be3 b6 26. h4 gxh4 27. Qxh4 Bg6 28. Bxh6 Bxh6 29. Bd3 Bxd3 30. Rxd3 Qg4 31. Qxg4 hxg4 32. Re6 cxd5 33. Rxd5 1/2-1/2

[Event "WY U-16 Chess Olympiad 2019"]
[Site "Corum"]
[Date "2019.11.05"]
[Round "9"]
[White "Gombocz, Ferenc Jr."]
[Black "Sade, Defne"]
[Result "1/2-1/2"]
[WhiteElo "2200"]
[BlackElo "1952"]
[Annotator "TA"]
[PlyCount "102"]
[EventDate "2019.10.28"]
[EventType "team-tourn"]
[EventCountry "TUR"]
[SourceTitle "playchess.com"]
[Source "ChessBase"]
[SourceQuality "1"]

1. c4 e5 2. g3 Nf6 3. Bg2 d5 4. cxd5 Nxd5 5. Nc3 Nb6 6. d3 Nc6 7. Be3 Be6 8. Bxc6+ bxc6 9. Nf3 f6 10. O-O Nd5 11. Qd2 Be7 12. d4 exd4 13. Nxd4 Bd7 14. Rfd1 Bb4 15. Qd3 Bxc3 16. bxc3 O-O 17. Bc1 Kh8 18. c4 Nb4 19. Qc3 Qe7 20. Be3 Rfe8 21. a3 Na6 22. Nf3 Bh3 23. Qa5 Nb8 24. Qh5 Be6 25. Rd4 Bf7 26. Qf5 Bg6 27. Qa5 Bf7 28. Rad1 c5 29. R4d2 Bxc4 30. Qc3 Be6 31. Bxc5 Qf7 32. Be3 a5 33. Rd8 Nd7 34. Rxa8 Rxa8 35. Qxc7 Ne5 36. Rd8+ Rxd8 37. Qxd8+ Qg8 38. Qxg8+ Kxg8 39. Nxe5 fxe5 40. Bd2 a4 41. e4 Bg4 42. Kg2 Kf7 43. Bc3 Ke6 44. f3 Bh5 45. Kf2 Be8 46. Ke3 g6 47. f4 exf4+ 48. Kxf4 Bc6 49. Bg7 h5 50. Bc3 Bb7 51. Ba5 Bc6 1/2-1/2

[Event "WY U-16 Chess Olympiad 2019"]
[Site "Corum"]
[Date "2019.11.05"]
[Round "9"]
[White "Nurgali, Nazerke"]
[Black "Garifullina, Leya"]
[Result "1/2-1/2"]
[WhiteElo "2194"]
[BlackElo "2330"]
[Annotator "TA"]
[PlyCount "73"]
[EventDate "2019.10.28"]
[EventType "team-tourn"]
[EventCountry "TUR"]
[SourceTitle "playchess.com"]
[Source "ChessBase"]
[SourceQuality "1"]

1. d4 d5 2. Nf3 e6 3. c4 dxc4 4. Nc3 c5 5. e3 Nf6 6. Bxc4 cxd4 7. exd4 Be7 8. O-O O-O 9. Bf4 Nc6 10. a3 a6 11. b4 b5 12. Bb3 Bb7 13. Qd3 h6 14. Rfd1 Rc8 15. Rac1 Bd6 16. Bxd6 Qxd6 17. d5 exd5 18. Nxd5 Nxd5 19. Bxd5 Qf6 20. Qb3 Rcd8 21. h3 Rd6 22. Rd3 Nd8 23. Bxb7 Nxb7 24. Rcd1 Rfd8 25. Kh2 Rxd3 26. Rxd3 Rxd3 27. Qxd3 Nd6 28. Qd5 Nc4 29. Qd3 Qb2 30. Qd7 Qf6 31. a4 Qf4+ 32. Kg1 Nd6 33. Qd8+ Kh7 34. Qa5 Qc1+ 35. Kh2 Qf4+ 36. Kg1 Qc1+ 37. Kh2 1/2-1/2

[Event "WY U-16 Chess Olympiad 2019"]
[Site "Corum"]
[Date "2019.11.05"]
[Round "9"]
[White "Santos, Jose Guilherme B Lim"]
[Black "Vorobiov, Vlad"]
[Result "0-1"]
[WhiteElo "2183"]
[BlackElo "2029"]
[Annotator "TA"]
[PlyCount "94"]
[EventDate "2019.10.28"]
[EventType "team-tourn"]
[EventCountry "TUR"]
[SourceTitle "playchess.com"]
[Source "ChessBase"]
[SourceQuality "1"]

1. e4 c5 2. Nf3 Nc6 3. Bb5 e6 4. O-O Nge7 5. Re1 a6 6. Bf1 d5 7. exd5 Nxd5 8. d4 Nf6 9. Be3 Be7 10. c4 O-O 11. Nc3 cxd4 12. Nxd4 Ne5 13. h3 Bd7 14. Nf3 Nxf3+ 15. Qxf3 Bc6 16. Qg3 Bd6 17. Qh4 Be7 18. Rad1 Qa5 19. Bd3 h6 20. Bxh6 gxh6 21. Nd5 Bxd5 22. Re5 Qc7 23. Qf4 Rfc8 24. cxd5 Bd6 25. Qxf6 Bxe5 26. Qxh6 Bg7 27. Qh7+ Kf8 28. dxe6 fxe6 29. Re1 Bf6 30. Qg6 Qg7 31. Qe4 Rc6 32. Bc4 Rac8 33. Bxe6 Re8 34. Qd5 Qe7 35. Re3 Rxe6 36. Rg3 Qf7 37. Qc5+ Qe7 38. Qd5 Rd8 39. Qc4 Qf7 40. Qb4+ Be7 41. Qc3 Rd1+ 42. Kh2 Bd6 43. Qh8+ Ke7 44. Qh4+ Kf8 45. Qh8+ Ke7 46. Qh4+ Qf6 47. Qh7+ Kd8 0-1

[Event "WY U-16 Chess Olympiad 2019"]
[Site "Corum"]
[Date "2019.11.05"]
[Round "9"]
[White "Brilej, Jaka"]
[Black "Kara, Gulce Nehir"]
[Result "1-0"]
[WhiteElo "2177"]
[BlackElo "1925"]
[Annotator "TA"]
[PlyCount "49"]
[EventDate "2019.10.28"]
[EventType "team-tourn"]
[EventCountry "TUR"]
[SourceTitle "playchess.com"]
[Source "ChessBase"]
[SourceQuality "1"]

1. e4 c5 2. Nf3 e6 3. Nc3 a6 4. d4 cxd4 5. Nxd4 b5 6. Bd3 Bb7 7. O-O Nc6 8. Nxc6 Bxc6 9. Qe2 Qb8 10. Be3 Nf6 11. Bg5 Be7 12. e5 Nd5 13. Bxe7 Nxe7 14. f4 d6 15. exd6 Qxd6 16. f5 exf5 17. Rae1 Ra7 18. Qf2 Rc7 19. Qxf5 f6 20. Qh5+ Kf8 21. Kh1 Qb4 22. Nd1 Nd5 23. Be4 Qd6 24. Bxd5 Qxd5 25. Re8+ 1-0

[Event "WY U-16 Chess Olympiad 2019"]
[Site "Corum"]
[Date "2019.11.05"]
[Round "9"]
[White "Itgelt, Khuyagtsogt"]
[Black "Cardoso Cardoso, Jose Gabriel"]
[Result "1/2-1/2"]
[WhiteElo "2160"]
[BlackElo "2313"]
[Annotator "RC"]
[PlyCount "123"]
[EventDate "2019.10.28"]
[EventType "team-tourn"]
[EventCountry "TUR"]
[SourceTitle "playchess.com"]
[Source "ChessBase"]
[SourceQuality "1"]

1. d4 Nf6 2. c4 e6 3. Nc3 Bb4 4. e3 O-O 5. Bd3 d5 6. Nf3 c5 7. O-O Nc6 8. cxd5 exd5 9. dxc5 Bxc5 10. h3 Qe7 11. b3 Rd8 12. Bb2 Ne4 13. Ne2 Bf5 14. Nfd4 Nxd4 15. Nxd4 Bg6 16. Rc1 a6 17. Rc2 Bd6 18. Qg4 h5 19. Qe2 Re8 20. Nf3 Rad8 21. Nd2 Bb8 22. Bxe4 dxe4 23. Rfc1 Rd3 24. Nf1 Qd7 25. Rc4 Kh7 26. Qc2 Bf5 27. Qe2 Kh6 28. Rd4 Qe6 29. Ng3 Bxg3 30. fxg3 Bg6 31. Qf2 Kh7 32. Qf4 a5 33. Kh2 b5 34. Rc5 a4 35. Rxb5 axb3 36. axb3 Rxb3 37. Rd6 Rxb5 38. Rxe6 Rxe6 39. Bd4 Rc6 40. Qf2 f6 41. Qe2 Rg5 42. Qb2 Rf5 43. Kg1 Bf7 44. Qb1 Bd5 45. Qd1 Bc4 46. Kh2 Bd3 47. g4 Rf2 48. gxh5 Bf1 49. Kg3 Rcc2 50. Kh4 Rce2 51. Qb3 Rxg2 52. Qe6 Ref2 53. Qxe4+ f5 54. Qb7 Rg1 55. Be5 Rfg2 56. Qf3 Bd3 57. Qd5 Be4 58. Qf7 Rh1 59. Bg3 Rhg1 60. Qg6+ Kh8 61. Qe8+ Kh7 62. Qg6+ 1/2-1/2

[Event "WY U-16 Chess Olympiad 2019"]
[Site "Corum"]
[Date "2019.11.05"]
[Round "9"]
[White "Kusa, Jakub"]
[Black "Deng Jing Xin Crystal"]
[Result "1-0"]
[WhiteElo "2156"]
[BlackElo "1944"]
[Annotator "TA"]
[PlyCount "87"]
[EventDate "2019.10.28"]
[EventType "team-tourn"]
[EventCountry "TUR"]
[SourceTitle "playchess.com"]
[Source "ChessBase"]
[SourceQuality "1"]

1. e4 c5 2. Nf3 Nc6 3. d4 cxd4 4. Nxd4 e5 5. Nb5 a6 6. Nd6+ Bxd6 7. Qxd6 Qe7 8. Qxe7+ Ngxe7 9. c4 Nd4 10. Bd3 b5 11. Na3 O-O 12. Be3 f5 13. Bxd4 exd4 14. cxb5 Bb7 15. bxa6 Bxe4 16. Kd2 Bxd3 17. Kxd3 Nc6 18. Nc2 Rxa6 19. b4 Rb8 20. a3 Rb5 21. f4 Ra4 22. Kc4 Rb8 23. Nxd4 Nxb4 24. Kb3 Rba8 25. Rhd1 Nc6 26. Nxc6 dxc6 27. Rd8+ Rxd8 28. Kxa4 Kf7 29. Kb4 Ra8 30. Kc5 Ra6 31. Kd6 Ra4 32. g3 h6 33. Kxc6 g5 34. Kb5 Re4 35. Rf1 g4 36. Rf2 h5 37. a4 Kg6 38. a5 h4 39. a6 hxg3 40. hxg3 Re3 41. Ra2 Rb3+ 42. Kc4 Rb8 43. a7 Rd8 44. a8=Q 1-0

[Event "WY U-16 Chess Olympiad 2019"]
[Site "Corum"]
[Date "2019.11.05"]
[Round "9"]
[White "Chan, Yi Meng Ryan"]
[Black "Tantipura, Noppakorn"]
[Result "1-0"]
[WhiteElo "2130"]
[BlackElo "1851"]
[Annotator "ChessBase"]
[PlyCount "77"]
[EventDate "2019.10.28"]
[EventType "team-tourn"]
[EventCountry "TUR"]
[SourceTitle "playchess.com"]
[Source "ChessBase"]
[SourceQuality "1"]

1. d4 Nf6 2. c4 g6 3. Nc3 Bg7 4. e4 d6 5. Be2 O-O 6. Be3 e5 7. d5 a5 8. g4 Na6 9. g5 Ne8 10. h4 f5 11. gxf6 Nxf6 12. h5 Nc5 13. hxg6 hxg6 14. Bf3 c6 15. Qd2 cxd5 16. cxd5 Rb8 17. Bh6 Qe7 18. Qg5 Qf7 19. Bxg7 Qxg7 20. O-O-O b5 21. Rh4 b4 22. Nce2 Ba6 23. Qe3 Rfc8 24. Kb1 b3 25. a3 Na4 26. Nc3 Nxc3+ 27. bxc3 b2 28. Be2 Bc4 29. Qh3 Bb3 30. Qe6+ Kf8 31. Qxd6+ Kf7 32. Re1 Qf8 33. Qxf8+ Kxf8 34. Rh8+ Ng8 35. Rh3 Nf6 36. Ba6 Nxe4 37. Rh8+ Ke7 38. Rxc8 Ba2+ 39. Kxa2 1-0

[Event "WY U-16 Chess Olympiad 2019"]
[Site "Corum"]
[Date "2019.11.05"]
[Round "9"]
[White "Deng Yu Dong Michael"]
[Black "Svanda, Ondrej"]
[Result "0-1"]
[WhiteElo "2130"]
[BlackElo "2268"]
[Annotator "RC"]
[PlyCount "76"]
[EventDate "2019.10.28"]
[EventType "team-tourn"]
[EventCountry "TUR"]
[SourceTitle "playchess.com"]
[Source "ChessBase"]
[SourceQuality "1"]

1. d4 Nf6 2. c4 e6 3. Nf3 Bb4+ 4. Bd2 a5 5. g3 d6 6. Bg2 Nbd7 7. O-O e5 8. Nc3 exd4 9. Nxd4 O-O 10. Qc2 Re8 11. e3 c6 12. a3 Bc5 13. Nce2 a4 14. Bb4 Qb6 15. Rfd1 Ne5 16. Bxc5 Qxc5 17. Rac1 Bg4 18. h3 Bh5 19. g4 Bg6 20. Nf5 h5 21. Nf4 Bh7 22. Qe2 hxg4 23. hxg4 Nexg4 24. Nxd6 Re7 25. Rd4 g5 26. Ne4 Bxe4 27. Rxe4 Rxe4 28. Nd3 Rxc4 29. Nxc5 Rxc1+ 30. Bf1 Rxc5 31. Bh3 Nh6 32. Qd3 Kg7 33. e4 Re8 34. f3 g4 35. fxg4 Rxe4 36. g5 Rxg5+ 37. Kf2 Rf4+ 38. Ke2 Re5+ 0-1

[Event "WY U-16 Chess Olympiad 2019"]
[Site "Corum"]
[Date "2019.11.05"]
[Round "9"]
[White "Terziev, Dimo"]
[Black "Musyuk, Lior"]
[Result "1/2-1/2"]
[WhiteElo "2098"]
[BlackElo "2278"]
[Annotator "TA"]
[PlyCount "60"]
[EventDate "2019.10.28"]
[EventType "team-tourn"]
[EventCountry "TUR"]
[SourceTitle "playchess.com"]
[Source "ChessBase"]
[SourceQuality "1"]

1. e4 c5 2. Nf3 Nc6 3. Bb5 g6 4. Bxc6 dxc6 5. d3 Bg7 6. h3 Nf6 7. Nc3 Nd7 8. Be3 e5 9. Qd2 h6 10. O-O b6 11. Nh2 Nf8 12. f4 exf4 13. Bxf4 Ne6 14. Bg3 Qg5 15. Qe1 Nd4 16. Qf2 O-O 17. Bd6 Bxh3 18. Bf4 Qxg2+ 19. Qxg2 Bxg2 20. Kxg2 g5 21. Bd2 Nxc2 22. Rad1 Rad8 23. Bc1 Rd6 24. Ng4 Rfd8 25. e5 Re6 26. Nf6+ Kf8 27. Nh7+ Kg8 28. Nf6+ Kf8 29. Nh7+ Kg8 30. Nf6+ Kf8 1/2-1/2

[Event "WY U-16 Chess Olympiad 2019"]
[Site "Corum"]
[Date "2019.11.05"]
[Round "9"]
[White "Moazaz, Dhahir Habeeb"]
[Black "Asavasaetakul, Chawit"]
[Result "0-1"]
[WhiteElo "2087"]
[BlackElo "1746"]
[Annotator "NA"]
[PlyCount "70"]
[EventDate "2019.10.28"]
[EventType "team-tourn"]
[EventCountry "TUR"]
[SourceTitle "playchess.com"]
[Source "ChessBase"]
[SourceQuality "1"]

1. c4 c6 2. Nf3 d5 3. g3 Nf6 4. Bg2 Bf5 5. O-O e6 6. b3 Be7 7. Bb2 O-O 8. d3 h6 9. Nbd2 a5 10. Re1 Bh7 11. e4 Na6 12. Qe2 Nb4 13. Red1 Qb6 14. Ne5 Rfd8 15. d4 a4 16. c5 Qc7 17. Bc3 Nc2 18. Rac1 axb3 19. axb3 Na3 20. Bb2 Nb5 21. exd5 Nxd5 22. Ndc4 Ra2 23. Be4 Bxe4 24. Qxe4 Bf6 25. Re1 Nb4 26. Red1 Nd5 27. Qf3 Nb4 28. Qe4 Nd5 29. h4 Rxb2 30. Nxb2 Ndc3 31. Qe3 Nxd1 32. Rxd1 Rxd4 33. Rxd4 Nxd4 34. Nbc4 Bxe5 35. Nxe5 Qxe5 0-1

[Event "WY U-16 Chess Olympiad 2019"]
[Site "Corum"]
[Date "2019.11.05"]
[Round "9"]
[White "Mai, Alexander Oliver"]
[Black "Turcan, Richard"]
[Result "0-1"]
[WhiteElo "2085"]
[BlackElo "2174"]
[Annotator "TA"]
[PlyCount "88"]
[EventDate "2019.10.28"]
[EventType "team-tourn"]
[EventCountry "TUR"]
[SourceTitle "playchess.com"]
[Source "ChessBase"]
[SourceQuality "1"]

1. d4 Nf6 2. Nc3 d5 3. Bf4 Bf5 4. f3 e6 5. g4 Bg6 6. h4 h6 7. e3 Bd6 8. Nge2 a6 9. Qd2 c5 10. Bxd6 Qxd6 11. O-O-O Nc6 12. Nf4 Bh7 13. g5 Nd7 14. Bh3 Nb4 15. g6 Bxg6 16. Nxg6 fxg6 17. dxc5 Nxc5 18. e4 O-O 19. a3 Nbd3+ 20. Kb1 d4 21. Na2 Nf4 22. Qxd4 Qxd4 23. Rxd4 Rad8 24. Rc4 Nxh3 25. Rxh3 Rd1+ 26. Nc1 b6 27. b3 Rf1 28. Rc3 Rd8 29. b4 Na4 30. Rd3 Rxd3 31. cxd3 Rf2 32. f4 Nc3+ 33. Ka1 Rc2 34. d4 Rxc1+ 35. Kb2 Ne2 36. Re3 Re1 37. d5 exd5 38. exd5 Nxf4 39. Rxe1 Nd3+ 40. Kc3 Nxe1 41. a4 Kf7 42. a5 bxa5 43. bxa5 Ke7 44. Kc4 Kd6 0-1

[Event "WY U-16 Chess Olympiad 2019"]
[Site "Corum"]
[Date "2019.11.05"]
[Round "9"]
[White "Jordanov Mihail"]
[Black "Celik, Hasan Huseyin"]
[Result "1/2-1/2"]
[WhiteElo "2080"]
[BlackElo "1998"]
[Annotator "NA"]
[PlyCount "78"]
[EventDate "2019.10.28"]
[EventType "team-tourn"]
[EventCountry "TUR"]
[SourceTitle "playchess.com"]
[Source "ChessBase"]
[SourceQuality "1"]

1. e4 e6 2. d4 d5 3. Nd2 c5 4. dxc5 Bxc5 5. Bd3 Nc6 6. Ngf3 Nf6 7. Qe2 O-O 8. c3 Qc7 9. O-O Be7 10. Re1 dxe4 11. Nxe4 Nd5 12. Ng3 Rd8 13. Bc2 b6 14. a3 Bb7 15. c4 Nf4 16. Bxf4 Qxf4 17. Qe4 Qxe4 18. Bxe4 Rac8 19. b4 Ba8 20. Kf1 Bf6 21. Rab1 Nd4 22. Bxa8 Rxa8 23. Ne4 Be7 24. Rec1 Rac8 25. c5 Nxf3 26. gxf3 f5 27. Nd6 Bxd6 28. cxd6 Rxc1+ 29. Rxc1 Rxd6 30. Rc8+ Kf7 31. Rc7+ Kf6 32. Rxa7 Rd3 33. Ke2 Rb3 34. Rb7 Rxa3 35. Rxb6 Rb3 36. f4 h6 37. b5 g5 38. fxg5+ hxg5 39. Rb8 Ke5 1/2-1/2

[Event "WY U-16 Chess Olympiad 2019"]
[Site "Corum"]
[Date "2019.11.05"]
[Round "9"]
[White "Pobor, Milo"]
[Black "Spyropoulos, Nikolaos"]
[Result "0-1"]
[WhiteElo "2064"]
[BlackElo "2409"]
[Annotator "TA"]
[PlyCount "78"]
[EventDate "2019.10.28"]
[EventType "team-tourn"]
[EventCountry "TUR"]
[SourceTitle "playchess.com"]
[Source "ChessBase"]
[SourceQuality "1"]

1. e4 Nf6 2. e5 Nd5 3. d4 d6 4. c4 Nb6 5. exd6 cxd6 6. Nf3 g6 7. Be2 Bg7 8. O-O O-O 9. Be3 Nc6 10. Nc3 Bg4 11. b3 d5 12. c5 Nc8 13. b4 a6 14. Rb1 e6 15. Qd2 N8e7 16. a4 Nf5 17. b5 axb5 18. axb5 Na5 19. Bg5 Qd7 20. Ne5 Bxe5 21. dxe5 Bxe2 22. Nxe2 Nc4 23. Qf4 Qc7 24. Bf6 Rfc8 25. Rb3 Ra3 26. Rxa3 Nxa3 27. g4 Ng7 28. Qh6 Ne8 29. Ng3 Qxc5 30. Nh5 Qf8 31. Qg5 h6 32. Qh4 gxh5 33. Be7 Qg7 34. Kh1 Nc4 35. Rg1 Nxe5 36. Qxh5 Nf3 37. Rg3 Nf6 38. Bxf6 Qxf6 39. g5 Rc1+ 0-1

[Event "WY U-16 Chess Olympiad 2019"]
[Site "Corum"]
[Date "2019.11.05"]
[Round "9"]
[White "Modi, Yashil"]
[Black "Aman Deepak Thadani"]
[Result "1/2-1/2"]
[WhiteElo "2053"]
[BlackElo "1627"]
[Annotator "NA"]
[PlyCount "62"]
[EventDate "2019.10.28"]
[EventType "team-tourn"]
[EventCountry "TUR"]
[SourceTitle "playchess.com"]
[Source "ChessBase"]
[SourceQuality "1"]

1. d4 Nf6 2. Nf3 g6 3. g3 Bg7 4. c4 O-O 5. Bg2 d6 6. O-O Nc6 7. Nc3 Bf5 8. b3 e5 9. d5 Ne7 10. Bb2 Ne8 11. e4 Bd7 12. Ne1 f5 13. exf5 gxf5 14. Nd3 c5 15. Qe2 a6 16. a4 Nf6 17. f3 Qe8 18. a5 Qd8 19. Kh1 b6 20. Nf2 bxa5 21. Ra3 Ng6 22. Rfa1 f4 23. Nfe4 fxg3 24. hxg3 Nh5 25. Bc1 Nxg3+ 26. Nxg3 Qh4+ 27. Kg1 Qxg3 28. Ne4 Qh4 29. Nxd6 Nf4 30. Ne4 Ng6 31. Qf2 Nf4 1/2-1/2

[Event "WY U-16 Chess Olympiad 2019"]
[Site "Corum"]
[Date "2019.11.05"]
[Round "9"]
[White "Madaminov, Mukhiddin"]
[Black "Mosesov, Danylo"]
[Result "1/2-1/2"]
[WhiteElo "2045"]
[BlackElo "2290"]
[Annotator "TA"]
[PlyCount "75"]
[EventDate "2019.10.28"]
[EventType "team-tourn"]
[EventCountry "TUR"]
[SourceTitle "playchess.com"]
[Source "ChessBase"]
[SourceQuality "1"]

1. e4 c5 2. Nf3 d6 3. d4 cxd4 4. Nxd4 Nf6 5. Nc3 Nc6 6. Be2 e5 7. Nb3 Be7 8. Bg5 Be6 9. Qd2 O-O 10. O-O a6 11. Rad1 Ne8 12. Bxe7 Qxe7 13. f4 exf4 14. Qxf4 Rd8 15. Nd4 Ne5 16. Qg3 Nc7 17. Rde1 Kh8 18. Nd5 Nxd5 19. exd5 Bc8 20. c4 Qc7 21. Qc3 Rfe8 22. a4 Bd7 23. a5 Rc8 24. Qb4 Kg8 25. b3 Rb8 26. Qb6 Rbc8 27. Qb4 g6 28. Rf6 Qc5 29. Qxc5 dxc5 30. Nc2 Bf5 31. Ne3 Bd3 32. Bd1 Kg7 33. Rb6 Rc7 34. Bc2 Bxc2 35. Nxc2 Rce7 36. Rd1 Ng4 37. h3 Re2 38. hxg4 1/2-1/2

[Event "WY U-16 Chess Olympiad 2019"]
[Site "Corum"]
[Date "2019.11.05"]
[Round "9"]
[White "Vujovic, Savo"]
[Black "Tsivelekidou, Evgenia"]
[Result "0-1"]
[WhiteElo "2040"]
[BlackElo "1985"]
[Annotator "NA RC"]
[PlyCount "36"]
[EventDate "2019.10.28"]
[EventType "team-tourn"]
[EventCountry "TUR"]
[SourceTitle "playchess.com"]
[Source "ChessBase"]
[SourceQuality "1"]

1. e4 c6 2. d4 d5 3. e5 Bf5 4. h4 h5 5. Bg5 Qb6 6. Bd3 Bxd3 7. Qxd3 e6 8. Nc3 Nd7 9. Nge2 Ne7 10. a4 a6 11. Ng3 c5 12. Be3 Nc6 13. a5 Qc7 14. f4 g6 15. dxc5 Nxc5 16. Qd2 Rd8 17. Na4 d4 18. Bf2 Nb3 0-1

[Event "WY U-16 Chess Olympiad 2019"]
[Site "Corum"]
[Date "2019.11.05"]
[Round "9"]
[White "Taspinar, Yanki"]
[Black "Risteski, Emil"]
[Result "1-0"]
[WhiteElo "2010"]
[BlackElo "2197"]
[Annotator "TA"]
[PlyCount "95"]
[EventDate "2019.10.28"]
[EventType "team-tourn"]
[EventCountry "TUR"]
[SourceTitle "playchess.com"]
[Source "ChessBase"]
[SourceQuality "1"]

1. e4 c5 2. Nf3 Nc6 3. d4 cxd4 4. Nxd4 Nf6 5. Nc3 e5 6. Ndb5 d6 7. Bg5 a6 8. Na3 b5 9. Nd5 Be7 10. Bxf6 Bxf6 11. c3 Ne7 12. Nxf6+ gxf6 13. Qf3 f5 14. exf5 Bxf5 15. Bd3 Bxd3 16. Qxd3 d5 17. O-O Qd6 18. Nc2 Qg6 19. Qe2 Qe4 20. Qxe4 dxe4 21. Rae1 f5 22. f3 Rd8 23. fxe4 f4 24. Rd1 Kf7 25. Kf2 Ke6 26. Ke2 Nc8 27. Nb4 Rxd1 28. Rxd1 Nd6 29. Nxa6 Nxe4 30. Nc7+ Kf5 31. Nxb5 Rg8 32. Kf1 Nf6 33. Nd6+ Ke6 34. Nc4 Ra8 35. Ra1 Rc8 36. b3 e4 37. Rd1 Ra8 38. a4 Rb8 39. Rd6+ Ke7 40. Rb6 Rxb6 41. Nxb6 Kd6 42. a5 Kc5 43. b4+ Kb5 44. c4+ Kxb4 45. a6 Ne8 46. a7 Nc7 47. Nd5+ Nxd5 48. cxd5 1-0